[Event "DEM U14 2025"]
[Site "Willingen GER"]
[Date "2025.06.12"]
[Round "7"]
[White "Vranckx, Oscar"]
[Black "Nemitz, Alfred"]
[Result "1/2-1/2"]
[Termination "normal"]
[Board "1"]
[BlackTitle "FM"]
[WhiteElo "2018"]
[BlackElo "2315"]
[WhiteClock "00:34:33"]
[BlackClock "00:06:22"]
[PlyCount "83"]
[WhiteFideId "34608788"]
[BlackFideId "34601791"]
[EventCountry "GER"]
[EventRounds "9"]
[EventType "swiss"]
[EventDate "2025.06.07"]

1. e4 {[%clk 01:30:53]} {[%emt 00:00:06]} e5 {[%clk 01:30:55]} {[%emt
00:00:05]} 2. Nf3 {[%clk 01:31:17]} {[%emt 00:00:07]} Nc6 {[%clk 01:31:21]}
{[%emt 00:00:04]} 3. Bc4 {[%clk 01:31:33]} {[%emt 00:00:14]} Nf6 {[%clk
01:31:46]} {[%emt 00:00:06]} 4. d3 {[%clk 01:31:53]} {[%emt 00:00:09]} Bc5
{[%clk 01:32:10]} {[%emt 00:00:05]} 5. c3 {[%clk 01:32:11]} {[%emt 00:00:12]}
a6 {[%clk 01:32:38]} {[%emt 00:00:03]} 6. O-O {[%clk 01:32:22]} {[%emt
00:00:19]} d6 {[%clk 01:33:04]} {[%emt 00:00:04]} 7. Bb3 {[%clk 01:32:37]}
{[%emt 00:00:15]} Ba7 {[%clk 01:33:28]} {[%emt 00:00:07]} 8. Nbd2 {[%clk
01:32:40]} {[%emt 00:00:26]} O-O {[%clk 01:33:51]} {[%emt 00:00:06]} 9. h3
{[%clk 01:32:45]} {[%emt 00:00:26]} h6 {[%clk 01:34:17]} {[%emt 00:00:04]} 10.
Re1 {[%clk 01:33:01]} {[%emt 00:00:14]} Re8 {[%clk 01:34:44]} {[%emt 00:00:04]}
11. Nf1 {[%clk 01:33:10]} {[%emt 00:00:19]} Be6 {[%clk 01:35:06]} {[%emt
00:00:09]} 12. Be3 {[%clk 01:33:26]} {[%emt 00:00:15]} Bxe3 {[%clk 01:24:50]}
13. Nxe3 {[%clk 01:33:26]} {[%emt 00:11:14]} Qd7 {[%clk 01:25:15]} {[%emt
00:00:06]} 14. Bxe6 {[%clk 01:27:17]} {[%emt 00:06:39]} Qxe6 {[%clk 01:21:49]}
{[%emt 00:03:55]} 15. Qc2 {[%clk 01:22:25]} {[%emt 00:05:23]} Ne7 {[%clk
01:21:14]} {[%emt 00:01:04]} 16. Rad1 {[%clk 01:20:17]} {[%emt 00:02:39]} Rad8
{[%clk 01:20:32]} {[%emt 00:01:12]} 17. a4 {[%clk 01:12:58]} {[%emt 00:07:49]}
c5 {[%clk 01:15:07]} {[%emt 00:05:55]} 18. c4 {[%clk 01:11:07]} {[%emt
00:02:21]} Nc6 {[%clk 01:15:02]} {[%emt 00:00:35]} 19. Nd5 {[%clk 01:11:16]}
{[%emt 00:00:22]} Nxd5 {[%clk 01:14:22]} {[%emt 00:01:09]} 20. cxd5 {[%clk
01:09:09]} {[%emt 00:02:38]} Nb4 {[%clk 01:14:43]} {[%emt 00:00:08]} 21. Qb3
{[%clk 01:09:27]} {[%emt 00:00:12]} Qg6 {[%clk 01:07:54]} {[%emt 00:07:19]} 22.
a5 {[%clk 01:07:07]} {[%emt 00:02:51]} Qh5 {[%clk 01:02:15]} {[%emt 00:06:08]}
23. Nd2 {[%clk 01:00:34]} {[%emt 00:07:03]} f5 {[%clk 01:01:47]} {[%emt
00:00:58]} 24. Nf1 {[%clk 01:00:29]} {[%emt 00:00:35]} f4 {[%clk 01:01:01]}
{[%emt 00:01:16]} 25. Nh2 {[%clk 01:00:27]} {[%emt 00:00:32]} Qf7 {[%clk
00:58:35]} {[%emt 00:02:55]} 26. Nf3 {[%clk 00:56:42]} {[%emt 00:04:16]} Kh7
{[%clk 00:44:20]} {[%emt 00:14:44]} 27. d4 {[%clk 00:54:08]} {[%emt 00:03:04]}
exd4 {[%clk 00:44:30]} {[%emt 00:00:21]} 28. Nxd4 {[%clk 00:54:26]} {[%emt
00:00:12]} cxd4 {[%clk 00:42:43]} {[%emt 00:02:16]} 29. Qxb4 {[%clk 00:53:35]}
{[%emt 00:01:22]} f3 {[%clk 00:43:10]} {[%emt 00:00:04]} 30. Rd3 {[%clk
00:46:56]} {[%emt 00:07:08]} fxg2 {[%clk 00:30:15]} {[%emt 00:13:25]} 31. Qxd4
{[%clk 00:45:02]} {[%emt 00:02:24]} Re5 {[%clk 00:30:16]} {[%emt 00:00:29]} 32.
Kxg2 {[%clk 00:44:41]} {[%emt 00:00:50]} Rg5+ {[%clk 00:29:42]} {[%emt
00:01:04]} 33. Rg3 {[%clk 00:43:53]} {[%emt 00:01:19]} Rxg3+ {[%clk 00:29:47]}
{[%emt 00:00:25]} 34. Kxg3 {[%clk 00:43:38]} {[%emt 00:00:45]} Rf8 {[%clk
00:29:30]} {[%emt 00:00:46]} 35. Qe3 {[%clk 00:43:53]} {[%emt 00:00:14]} Qg6+
{[%clk 00:27:48]} {[%emt 00:02:13]} 36. Kh2 {[%clk 00:42:59]} {[%emt 00:01:24]}
Qf6 {[%clk 00:27:41]} {[%emt 00:00:37]} 37. Re2 {[%clk 00:43:21]} {[%emt
00:00:08]} Qe5+ {[%clk 00:28:07]} {[%emt 00:00:05]} 38. Qg3 {[%clk 00:43:30]}
{[%emt 00:00:21]} Rf4 {[%clk 00:28:33]} {[%emt 00:00:04]} 39. Kh1 {[%clk
00:42:44]} {[%emt 00:01:15]} Kg8 {[%clk 00:20:14]} {[%emt 00:08:50]} 40. Qg6
{[%clk 00:36:46]} {[%emt 00:06:28]} Rh4 {[%clk 00:15:01]} {[%emt 00:05:42]} 41.
Re3 {[%clk 00:35:42]} {[%emt 00:01:35]} Qxb2 {[%clk 00:06:22]} {[%emt
00:09:08]} 42. Qe6+ {[%clk 00:34:33]} {[%emt 00:01:39]} 1/2-1/2

[Event "DEM U14 2025"]
[Site "Willingen GER"]
[Date "2025.06.12"]
[Round "7"]
[White "Albrecht, Neil"]
[Black "Herrmann, Arthur"]
[Result "1-0"]
[Termination "normal"]
[Board "2"]
[WhiteElo "2131"]
[BlackElo "2089"]
[WhiteClock "00:20:10"]
[BlackClock "00:00:58"]
[PlyCount "53"]
[WhiteFideId "34621091"]
[BlackFideId "16287150"]
[EventCountry "GER"]
[EventRounds "9"]
[EventType "swiss"]
[EventDate "2025.06.07"]

1. e4 {[%clk 01:30:57]} {[%emt 00:00:02]} c6 {[%clk 01:30:54]} {[%emt
00:00:06]} 2. d4 {[%clk 01:31:20]} {[%emt 00:00:06]} d5 {[%clk 01:31:21]}
{[%emt 00:00:04]} 3. e5 {[%clk 01:31:44]} {[%emt 00:00:07]} c5 {[%clk
01:31:31]} {[%emt 00:00:20]} 4. dxc5 {[%clk 01:32:05]} {[%emt 00:00:09]} e6
{[%clk 01:31:40]} {[%emt 00:00:21]} 5. c3 {[%clk 01:31:51]} {[%emt 00:00:44]}
Bxc5 {[%clk 01:26:32]} {[%emt 00:05:36]} 6. Qg4 {[%clk 01:30:20]} {[%emt
00:02:01]} g6 {[%clk 00:56:36]} {[%emt 00:30:27]} 7. Bd3 {[%clk 01:27:33]}
{[%emt 00:03:16]} Nd7 {[%clk 00:51:36]} {[%emt 00:05:31]} 8. Nf3 {[%clk
01:23:11]} {[%emt 00:04:52]} Ne7 {[%clk 00:43:18]} {[%emt 00:08:48]} 9. b4
{[%clk 01:13:27]} {[%emt 00:10:14]} Bb6 {[%clk 00:43:29]} {[%emt 00:00:19]} 10.
O-O {[%clk 01:11:13]} {[%emt 00:02:43]} Nc6 {[%clk 00:32:53]} {[%emt 00:11:08]}
11. Re1 {[%clk 01:07:09]} {[%emt 00:04:33]} Qc7 {[%clk 00:22:15]} {[%emt
00:11:08]} 12. Bf4 {[%clk 01:04:31]} {[%emt 00:03:08]} a5 {[%clk 00:20:18]}
{[%emt 00:02:27]} 13. Na3 {[%clk 01:02:53]} {[%emt 00:02:07]} Na7 {[%clk
00:16:25]} {[%emt 00:04:24]} 14. Rac1 {[%clk 01:00:27]} {[%emt 00:02:56]} Qc6
{[%clk 00:13:28]} {[%emt 00:03:27]} 15. Nb1 {[%clk 00:46:14]} {[%emt 00:14:43]}
axb4 {[%clk 00:06:24]} {[%emt 00:07:34]} 16. cxb4 {[%clk 00:43:46]} {[%emt
00:02:58]} Qa4 {[%clk 00:06:49]} {[%emt 00:00:05]} 17. a3 {[%clk 00:35:39]}
{[%emt 00:08:37]} Nc6 {[%clk 00:06:31]} {[%emt 00:00:47]} 18. h4 {[%clk
00:30:56]} {[%emt 00:05:13]} Ne7 {[%clk 00:04:11]} {[%emt 00:02:51]} 19. h5
{[%clk 00:29:05]} {[%emt 00:02:20]} Nb8 {[%clk 00:01:33]} {[%emt 00:03:08]} 20.
Qh3 {[%clk 00:23:14]} {[%emt 00:06:21]} Nbc6 {[%clk 00:00:47]} {[%emt
00:01:17]} 21. hxg6 {[%clk 00:22:59]} {[%emt 00:00:45]} Nxg6 {[%clk 00:01:16]}
{[%emt 00:00:01]} 22. Bg5 {[%clk 00:20:34]} {[%emt 00:02:55]} Bd8 {[%clk
00:01:03]} {[%emt 00:00:42]} 23. Bxd8 {[%clk 00:19:52]} {[%emt 00:01:13]} Nf4
{[%clk 00:00:47]} {[%emt 00:00:46]} 24. Qh4 {[%clk 00:19:10]} {[%emt 00:01:11]}
Nxd3 {[%clk 00:00:37]} {[%emt 00:00:41]} 25. Rxc6 {[%clk 00:19:22]} {[%emt
00:00:18]} Kd7 {[%clk 00:00:33]} {[%emt 00:00:34]} 26. Rc7+ {[%clk 00:19:44]}
{[%emt 00:00:08]} Ke8 {[%clk 00:00:58]} {[%emt 00:00:05]} 27. Qe7# {[%clk
00:20:10]} {[%emt 00:00:04]} 1-0

[Event "DEM U14 2025"]
[Site "Willingen GER"]
[Date "2025.06.12"]
[Round "7"]
[White "Sydykov, Bayastan"]
[Black "Stephanblome, Felix"]
[Result "1/2-1/2"]
[Termination "normal"]
[Board "3"]
[WhiteTitle "FM"]
[WhiteElo "2301"]
[BlackElo "2022"]
[WhiteClock "00:00:57"]
[BlackClock "00:03:51"]
[PlyCount "122"]
[WhiteFideId "13829610"]
[BlackFideId "34661026"]
[EventCountry "GER"]
[EventRounds "9"]
[EventType "swiss"]
[EventDate "2025.06.07"]

1. e4 {[%clk 01:30:55]} {[%emt 00:00:04]} e5 {[%clk 01:30:54]} {[%emt
00:00:06]} 2. Nf3 {[%clk 01:31:22]} {[%emt 00:00:04]} Nc6 {[%clk 01:31:19]}
{[%emt 00:00:05]} 3. Bb5 {[%clk 01:31:36]} {[%emt 00:00:16]} a6 {[%clk
01:31:33]} {[%emt 00:00:16]} 4. Ba4 {[%clk 01:31:46]} {[%emt 00:00:20]} Nf6
{[%clk 01:31:50]} {[%emt 00:00:13]} 5. d3 {[%clk 01:31:46]} {[%emt 00:00:30]}
b5 {[%clk 01:31:40]} {[%emt 00:00:40]} 6. Bb3 {[%clk 01:32:12]} {[%emt
00:00:04]} Bc5 {[%clk 01:32:01]} {[%emt 00:00:08]} 7. O-O {[%clk 01:31:54]}
{[%emt 00:00:49]} d6 {[%clk 01:31:34]} {[%emt 00:00:57]} 8. c3 {[%clk
01:26:44]} {[%emt 00:05:40]} O-O {[%clk 01:28:57]} {[%emt 00:03:06]} 9. Re1
{[%clk 01:17:36]} {[%emt 00:09:38]} Re8 {[%clk 01:23:14]} {[%emt 00:06:13]} 10.
Be3 {[%clk 00:52:14]} {[%emt 00:25:52]} Bxe3 {[%clk 01:21:26]} {[%emt
00:02:18]} 11. fxe3 {[%clk 00:52:15]} {[%emt 00:00:29]} Be6 {[%clk 00:53:07]}
{[%emt 00:28:49]} 12. Bc2 {[%clk 00:49:17]} {[%emt 00:03:28]} Ne7 {[%clk
00:52:02]} {[%emt 00:01:35]} 13. Nbd2 {[%clk 00:47:24]} {[%emt 00:02:24]} Ng6
{[%clk 00:51:07]} {[%emt 00:01:24]} 14. Qe2 {[%clk 00:45:20]} {[%emt 00:02:34]}
c6 {[%clk 00:46:59]} {[%emt 00:04:38]} 15. h3 {[%clk 00:37:03]} {[%emt
00:08:47]} Qc7 {[%clk 00:40:40]} {[%emt 00:06:49]} 16. Qf2 {[%clk 00:34:08]}
{[%emt 00:03:26]} Qe7 {[%clk 00:28:06]} {[%emt 00:13:04]} 17. Rad1 {[%clk
00:26:53]} {[%emt 00:07:45]} a5 {[%clk 00:24:01]} {[%emt 00:04:35]} 18. Bb1
{[%clk 00:23:31]} {[%emt 00:03:52]} b4 {[%clk 00:23:35]} {[%emt 00:00:56]} 19.
c4 {[%clk 00:23:02]} {[%emt 00:00:58]} a4 {[%clk 00:22:51]} {[%emt 00:01:14]}
20. Rc1 {[%clk 00:21:17]} {[%emt 00:02:15]} c5 {[%clk 00:22:32]} {[%emt
00:00:48]} 21. Nf1 {[%clk 00:20:40]} {[%emt 00:01:09]} Nd7 {[%clk 00:18:46]}
{[%emt 00:04:16]} 22. Ng3 {[%clk 00:20:08]} {[%emt 00:01:02]} Nh4 {[%clk
00:17:29]} {[%emt 00:01:46]} 23. Nd2 {[%clk 00:19:22]} {[%emt 00:01:17]} Nb6
{[%clk 00:15:12]} {[%emt 00:02:46]} 24. d4 {[%clk 00:18:03]} {[%emt 00:01:49]}
Ng6 {[%clk 00:12:44]} {[%emt 00:02:58]} 25. Nf5 {[%clk 00:16:48]} {[%emt
00:01:46]} Bxf5 {[%clk 00:08:46]} {[%emt 00:04:27]} 26. exf5 {[%clk 00:17:13]}
{[%emt 00:00:05]} Nf8 {[%clk 00:09:05]} {[%emt 00:00:10]} 27. f6 {[%clk
00:15:30]} {[%emt 00:02:14]} gxf6 {[%clk 00:08:23]} {[%emt 00:01:12]} 28. Ne4
{[%clk 00:12:40]} {[%emt 00:03:20]} Nbd7 {[%clk 00:08:23]} {[%emt 00:00:30]}
29. d5 {[%clk 00:10:42]} {[%emt 00:02:28]} Ng6 {[%clk 00:07:35]} {[%emt
00:01:17]} 30. h4 {[%clk 00:08:25]} {[%emt 00:02:48]} f5 {[%clk 00:02:42]}
{[%emt 00:05:24]} 31. Qxf5 {[%clk 00:08:10]} {[%emt 00:00:44]} Nxh4 {[%clk
00:03:05]} {[%emt 00:00:07]} 32. Qxd7 {[%clk 00:05:59]} {[%emt 00:02:42]} Qxd7
{[%clk 00:03:34]} 33. Nf6+ {[%clk 00:06:21]} {[%emt 00:00:07]} Kg7 {[%clk
00:03:59]} {[%emt 00:00:05]} 34. Nxd7 {[%clk 00:06:48]} {[%emt 00:00:03]} Red8
{[%clk 00:04:18]} {[%emt 00:00:10]} 35. Nxe5 {[%emt 00:00:54]} dxe5 {[%clk
00:04:37]} {[%emt 00:00:10]} 36. Kf2 {[%clk 00:04:59]} {[%emt 00:01:57]} Rd6
{[%clk 00:03:38]} {[%emt 00:01:29]} 37. Rh1 {[%clk 00:03:13]} {[%emt 00:02:16]}
Ng6 {[%clk 00:03:23]} {[%emt 00:00:45]} 38. Rh5 {[%clk 00:02:50]} {[%emt
00:00:53]} Rf6+ {[%clk 00:00:41]} {[%emt 00:03:12]} 39. Ke2 {[%emt 00:00:26]}
h6 {[%clk 00:00:38]} {[%emt 00:00:28]} 40. Rch1 {[%clk 00:02:47]} {[%emt
00:00:42]} Re8 {[%clk 00:00:46]} {[%emt 00:00:22]} 41. Be4 {[%clk 00:00:39]}
{[%emt 00:02:38]} Nf8 {[%clk 00:28:53]} {[%emt 00:02:22]} 42. g4 {[%clk
00:05:01]} {[%emt 00:26:09]} Ng6 {[%clk 00:25:03]} {[%emt 00:04:20]} 43. Ke1
{[%clk 00:04:22]} {[%emt 00:01:09]} Nf8 {[%clk 00:15:42]} {[%emt 00:09:51]} 44.
Bf5 {[%clk 00:03:33]} {[%emt 00:01:20]} e4 {[%clk 00:09:34]} {[%emt 00:06:37]}
45. Kd2 {[%clk 00:00:45]} {[%emt 00:03:18]} Re5 {[%clk 00:08:06]} {[%emt
00:01:57]} 46. Ke2 {[%clk 00:00:39]} {[%emt 00:00:37]} Re8 {[%clk 00:07:21]}
{[%emt 00:01:14]} 47. Rf1 {[%clk 00:00:35]} {[%emt 00:00:35]} Ng6 {[%clk
00:05:53]} {[%emt 00:01:57]} 48. Bxg6 {[%clk 00:00:36]} {[%emt 00:00:30]} Rxf1
{[%clk 00:03:04]} {[%emt 00:03:19]} 49. Kxf1 {[%clk 00:00:52]} {[%emt
00:00:13]} fxg6 {[%clk 00:03:26]} {[%emt 00:00:08]} 50. Rh3 {[%clk 00:00:34]}
{[%emt 00:00:49]} Rf8+ {[%clk 00:02:54]} {[%emt 00:01:01]} 51. Kg2 {[%clk
00:00:46]} {[%emt 00:00:19]} g5 {[%clk 00:02:37]} {[%emt 00:00:46]} 52. Rh1
{[%clk 00:00:36]} {[%emt 00:00:41]} Rf6 {[%clk 00:02:26]} {[%emt 00:00:41]} 53.
Rd1 {[%clk 00:00:43]} {[%emt 00:00:23]} Rd6 {[%clk 00:02:45]} {[%emt 00:00:11]}
54. Kg3 {[%clk 00:00:38]} {[%emt 00:00:35]} Kg6 {[%clk 00:02:45]} {[%emt
00:00:30]} 55. Rf1 {[%clk 00:00:35]} {[%emt 00:00:33]} Rf6 {[%clk 00:03:02]}
{[%emt 00:00:12]} 56. Rd1 {[%clk 00:00:39]} {[%emt 00:00:27]} Rd6 {[%clk
00:03:28]} {[%emt 00:00:04]} 57. Rd2 {[%clk 00:01:06]} {[%emt 00:00:03]} Kg7
{[%emt 00:01:34]} 58. Rf2 {[%clk 00:00:36]} Rf6 {[%clk 00:03:49]} {[%emt
00:00:06]} 59. Rf5 {[%clk 00:00:45]} {[%emt 00:00:21]} Rxf5 {[%clk 00:03:23]}
{[%emt 00:00:55]} 60. gxf5 {[%clk 00:01:07]} {[%emt 00:00:08]} h5 {[%clk
00:03:40]} {[%emt 00:00:12]} 61. d6 {[%clk 00:00:57]} {[%emt 00:00:42]} Kf6
{[%clk 00:03:51]} {[%emt 00:00:17]} 1/2-1/2

[Event "DEM U14 2025"]
[Site "Willingen GER"]
[Date "2025.06.12"]
[Round "7"]
[White "Mandalka, Justus"]
[Black "Mohylnyi, Stepan"]
[Result "0-1"]
[Termination "normal"]
[Board "4"]
[BlackTitle "FM"]
[WhiteElo "2076"]
[BlackElo "2314"]
[WhiteClock "00:12:56"]
[BlackClock "00:39:07"]
[PlyCount "64"]
[WhiteFideId "16298144"]
[BlackFideId "34127836"]
[EventCountry "GER"]
[EventRounds "9"]
[EventType "swiss"]
[EventDate "2025.06.07"]

1. e4 {[%clk 01:30:58]} e6 {[%clk 01:30:58]} {[%emt 00:00:03]} 2. d4 {[%clk
01:31:21]} {[%emt 00:00:07]} d5 {[%clk 01:31:26]} {[%emt 00:00:03]} 3. Nc3
{[%clk 01:31:45]} {[%emt 00:00:05]} Bb4 {[%clk 01:31:52]} {[%emt 00:00:04]} 4.
e5 {[%clk 01:32:09]} {[%emt 00:00:06]} c5 {[%clk 01:32:20]} {[%emt 00:00:02]}
5. a3 {[%clk 01:32:34]} {[%emt 00:00:06]} Bxc3+ {[%clk 01:32:48]} {[%emt
00:00:02]} 6. bxc3 {[%clk 01:32:58]} {[%emt 00:00:06]} Qc7 {[%clk 01:33:17]} 7.
Bd2 {[%clk 01:31:31]} {[%emt 00:01:56]} Nc6 {[%clk 01:33:35]} {[%emt 00:00:13]}
8. Qg4 {[%clk 01:26:21]} {[%emt 00:05:39]} Nge7 {[%clk 01:30:40]} {[%emt
00:03:26]} 9. Bb5 {[%clk 01:23:52]} {[%emt 00:02:59]} Bd7 {[%clk 01:24:48]}
{[%emt 00:06:21]} 10. Nf3 {[%clk 01:17:29]} {[%emt 00:06:53]} O-O-O {[%clk
01:08:21]} {[%emt 00:16:57]} 11. O-O {[%clk 01:06:18]} {[%emt 00:11:40]} c4
{[%clk 01:02:23]} {[%emt 00:06:29]} 12. Bxc6 {[%clk 01:06:06]} {[%emt
00:00:43]} Nxc6 {[%clk 01:02:01]} {[%emt 00:00:52]} 13. Qxg7 {[%clk 01:00:36]}
{[%emt 00:06:00]} Rhg8 {[%clk 01:00:59]} {[%emt 00:01:32]} 14. Qh6 {[%clk
00:58:33]} {[%emt 00:02:32]} Rg6 {[%clk 00:59:21]} {[%emt 00:02:08]} 15. Qxh7
{[%clk 00:48:55]} {[%emt 00:10:07]} Rdg8 {[%clk 00:59:39]} {[%emt 00:00:13]}
16. Nh4 {[%clk 00:48:30]} {[%emt 00:00:55]} R6g7 {[%clk 00:59:35]} {[%emt
00:00:33]} 17. Qh6 {[%clk 00:48:11]} {[%emt 00:00:50]} Qd8 {[%clk 00:59:00]}
{[%emt 00:01:05]} 18. Bf4 {[%clk 00:35:01]} {[%emt 00:13:40]} Rg4 {[%clk
00:56:35]} {[%emt 00:02:54]} 19. Bg3 {[%clk 00:35:14]} {[%emt 00:00:18]} Rh8
{[%clk 00:56:27]} {[%emt 00:00:39]} 20. Qe3 {[%clk 00:35:29]} {[%emt 00:00:15]}
Rgxh4 {[%clk 00:55:08]} {[%emt 00:01:49]} 21. Bxh4 {[%clk 00:35:53]} {[%emt
00:00:06]} Qxh4 {[%clk 00:55:35]} {[%emt 00:00:02]} 22. Qg3 {[%clk 00:36:17]}
{[%emt 00:00:06]} Qh7 {[%clk 00:55:59]} {[%emt 00:00:05]} 23. Ra2 {[%clk
00:28:57]} {[%emt 00:07:51]} Ne7 {[%clk 00:55:52]} {[%emt 00:00:38]} 24. a4
{[%clk 00:25:30]} {[%emt 00:03:57]} Rg8 {[%clk 00:54:23]} {[%emt 00:01:58]} 25.
Qf3 {[%clk 00:23:06]} {[%emt 00:02:53]} Ng6 {[%clk 00:53:52]} {[%emt 00:01:02]}
26. g3 {[%clk 00:22:37]} {[%emt 00:00:59]} Rh8 {[%clk 00:54:12]} {[%emt
00:00:10]} 27. Qh1 {[%clk 00:19:56]} {[%emt 00:03:11]} Nf4 {[%clk 00:49:33]}
{[%emt 00:05:10]} 28. Re1 {[%clk 00:19:19]} {[%emt 00:01:06]} Nh3+ {[%clk
00:49:53]} {[%emt 00:00:10]} 29. Kg2 {[%clk 00:15:45]} {[%emt 00:04:04]} Qf5
{[%clk 00:50:09]} {[%emt 00:00:14]} 30. f3 {[%clk 00:15:23]} {[%emt 00:00:52]}
Bxa4 {[%clk 00:47:57]} {[%emt 00:02:42]} 31. Re2 {[%clk 00:13:35]} {[%emt
00:02:18]} b5 {[%clk 00:38:55]} {[%emt 00:09:32]} 32. Rb2 {[%clk 00:12:56]}
{[%emt 00:01:09]} Qg5 {[%clk 00:39:07]} {[%emt 00:00:18]} 0-1

[Event "DEM U14 2025"]
[Site "Willingen GER"]
[Date "2025.06.12"]
[Round "7"]
[White "Sepe, Giovanni Paolo"]
[Black "Shevchenko, Igor"]
[Result "0-1"]
[Termination "normal"]
[Board "6"]
[WhiteElo "2101"]
[BlackElo "1882"]
[WhiteClock "00:02:10"]
[BlackClock "00:17:58"]
[PlyCount "62"]
[WhiteFideId "34631909"]
[BlackFideId "34634924"]
[EventCountry "GER"]
[EventRounds "9"]
[EventType "swiss"]
[EventDate "2025.06.07"]

1. e4 {[%clk 01:30:57]} {[%emt 00:00:02]} c6 {[%clk 01:30:49]} {[%emt
00:00:11]} 2. d4 {[%clk 01:31:20]} {[%emt 00:00:08]} d5 {[%clk 01:31:10]}
{[%emt 00:00:09]} 3. e5 {[%clk 01:31:42]} {[%emt 00:00:08]} Bf5 {[%clk
01:31:30]} {[%emt 00:00:10]} 4. h4 {[%clk 01:32:02]} {[%emt 00:00:10]} h5
{[%clk 01:31:52]} {[%emt 00:00:07]} 5. c4 {[%clk 01:32:28]} {[%emt 00:00:05]}
e6 {[%clk 01:32:05]} {[%emt 00:00:17]} 6. Nc3 {[%clk 01:32:47]} {[%emt
00:00:11]} Nd7 {[%clk 01:30:47]} {[%emt 00:01:47]} 7. cxd5 {[%clk 01:32:45]}
{[%emt 00:00:33]} cxd5 {[%clk 01:30:49]} {[%emt 00:00:28]} 8. Bd3 {[%clk
01:31:43]} {[%emt 00:01:32]} Bxd3 {[%clk 01:28:38]} {[%emt 00:02:40]} 9. Qxd3
{[%clk 01:32:08]} {[%emt 00:00:06]} Bb4 {[%clk 01:24:38]} {[%emt 00:04:29]} 10.
Nge2 {[%clk 01:30:00]} {[%emt 00:02:38]} Ne7 {[%clk 01:22:19]} {[%emt
00:02:49]} 11. O-O {[%clk 01:22:03]} {[%emt 00:08:27]} Nf5 {[%clk 01:21:50]}
{[%emt 00:01:00]} 12. Nxd5 {[%clk 01:17:26]} {[%emt 00:05:07]} exd5 {[%clk
01:06:25]} {[%emt 00:15:55]} 13. Qxf5 {[%clk 01:17:46]} {[%emt 00:00:10]} Qxh4
{[%clk 01:02:37]} {[%emt 00:04:18]} 14. e6 {[%clk 01:08:44]} {[%emt 00:09:31]}
Nf6 {[%clk 00:57:39]} {[%emt 00:05:29]} 15. exf7+ {[%clk 01:07:34]} {[%emt
00:01:39]} Kxf7 {[%clk 00:56:28]} {[%emt 00:01:40]} 16. f3 {[%clk 01:04:28]}
{[%emt 00:03:37]} g6 {[%clk 00:52:39]} {[%emt 00:04:19]} 17. Qd3 {[%clk
00:38:23]} {[%emt 00:26:35]} Bd6 {[%clk 00:48:11]} {[%emt 00:04:57]} 18. Rd1
{[%clk 00:34:06]} {[%emt 00:04:49]} Rae8 {[%clk 00:36:57]} {[%emt 00:11:43]}
19. Be3 {[%clk 00:32:27]} {[%emt 00:02:09]} Qh2+ {[%clk 00:34:44]} {[%emt
00:02:43]} 20. Kf2 {[%clk 00:30:50]} {[%emt 00:02:07]} h4 {[%clk 00:34:38]}
{[%emt 00:00:36]} 21. Rg1 {[%clk 00:22:42]} {[%emt 00:08:37]} Kg7 {[%clk
00:32:01]} {[%emt 00:03:08]} 22. Raf1 {[%clk 00:20:36]} {[%emt 00:02:36]} Re6
{[%clk 00:20:48]} {[%emt 00:11:43]} 23. Re1 {[%clk 00:04:49]} {[%emt 00:16:18]}
Rhe8 {[%clk 00:19:51]} {[%emt 00:01:26]} 24. Bd2 {[%clk 00:03:16]} {[%emt
00:02:03]} Bg3+ {[%clk 00:19:45]} {[%emt 00:00:35]} 25. Kf1 {[%clk 00:02:34]}
{[%emt 00:01:13]} Bxe1 {[%clk 00:16:26]} {[%emt 00:03:49]} 26. Nf4 {[%clk
00:02:28]} {[%emt 00:00:36]} Qg3 {[%clk 00:16:35]} {[%emt 00:00:21]} 27. Nxe6+
{[%clk 00:01:30]} {[%emt 00:01:28]} Rxe6 {[%clk 00:16:58]} {[%emt 00:00:07]}
28. Be3 {[%clk 00:01:46]} {[%emt 00:00:14]} Ng4 {[%clk 00:16:49]} {[%emt
00:00:39]} 29. fxg4 {[%clk 00:01:28]} {[%emt 00:00:49]} Rxe3 {[%clk 00:17:11]}
{[%emt 00:00:07]} 30. Qc2 {[%clk 00:01:54]} {[%emt 00:00:04]} Qf4+ {[%clk
00:17:34]} {[%emt 00:00:07]} 31. Qf2 {[%clk 00:02:10]} {[%emt 00:00:14]} Qxf2#
{[%clk 00:17:58]} {[%emt 00:00:06]} 0-1